00670naa a2200157 a 450000100080000000500110000800800410001910000100006024500700007026000090014052001850014965300240033465300200035865300280037877301060040610840482012-03-27 1989 bl uuuu u00u1 u #d1 aIcepa aRealinhamento dos produtos agr??colas e o ??nus de ir ?? reboque. c1989 aAvalia as perdas provocadas aos produtores rurais em mais um plano econ??mico em virtude da irregularidade dos indicadores que corrigiram os diversos ativos f??sicos e monet??rios. aPol??tica agr??cola aPre??o relativo aRealinhamento de pre??o tAcompanhamento Conjuntural da Agricultura Catarinense, Florian??polis, SCgv. 11, n. 3, p. 3-4, 1989.